000 00455nam a2200145Ia 4500
008 230917s9999||||xx |||||||||||||| ||und||
040 _e33302
_aMAIN
041 _aEnglish
082 _a301.426 I8N
100 _aInternational Institute for Population Sciences
245 0 _aNational family health survey India: Madhya pradesh1998-99
260 _aMumbai
_bInternational Institute for Population Sciences
_c2001
300 _axxviii, 338 p.
942 _cBK
999 _c81391
_d81391